Grimms' Fairy tales / (Record no. 821)
[ view plain ]
| 000 -LEADER | |
|---|---|
| fixed length control field | 01170nam a22003017a 4500 |
| 005 - DATE AND TIME OF LATEST TRANSACTION | |
| control field | 20250702110839.0 |
| 020 ## - INTERNATIONAL STANDARD BOOK NUMBER | |
| International Standard Book Number | 9780545934909 |
| 020 ## - INTERNATIONAL STANDARD BOOK NUMBER | |
| International Standard Book Number | 0545934907 |
| 040 ## - CATALOGING SOURCE | |
| Original cataloging agency | IB1 |
| Transcribing agency | IB1 |
| Modifying agency | DLC |
| Description conventions | rda |
| Modifying agency | DLC |
| Language of cataloging | េនង |
| 050 00 - LIBRARY OF CONGRESS CALL NUMBER | |
| Classification number | PZ8.G882 |
| Item number | Gr 2016 |
| 082 ## - DEWEY DECIMAL CLASSIFICATION NUMBER | |
| Classification number | 398.20943 |
| 100 1# - MAIN ENTRY--PERSONAL NAME | |
| Personal name | Grimm, Jacob, |
| Dates associated with a name | 1785-1863, |
| Relator term | author. |
| 245 10 - TITLE STATEMENT | |
| Title | Grimms' Fairy tales / |
| Statement of responsibility, etc. | Jacob and Wilhelm Grimm. |
| 250 ## - EDITION STATEMENT | |
| Edition statement | First printing 2016 |
| 260 ## - PUBLICATION, DISTRIBUTION, ETC. | |
| Place of publication, distribution, etc. | New York : |
| Name of publisher, distributor, etc. | Scholastic, |
| Date of publication, distribution, etc. | 2016. |
| 300 ## - PHYSICAL DESCRIPTION | |
| Extent | 191 pages ; |
| Dimensions | 20 cm |
| 505 ## - FORMATTED CONTENTS NOTE | |
| Formatted contents note | Z' <br/> |
| 520 ## - SUMMARY, ETC. | |
| Summary, etc. | The folk tales gathered by brothers Jacob and Wilhelm Grimm have been retold for every new generation of readers. Some of the best-loved stories, such as "Cinderella" and "Snow White and the Seven Dwarves" have become world-famous movies. In this collection, you'll discover the Grimms' most spellbinding tales. |
| 521 2# - TARGET AUDIENCE NOTE | |
| Target audience note | 980 <br/> |
| Source | Lexile <br/> |
| 521 0# - TARGET AUDIENCE NOTE | |
| Target audience note | Z' <br/> |
| Source | Raz-Plus <br/> |
| 650 #0 - SUBJECT ADDED ENTRY--TOPICAL TERM | |
| Topical term or geographic name entry element | Fairy tales. |
| 650 #1 - SUBJECT ADDED ENTRY--TOPICAL TERM | |
| Topical term or geographic name entry element | Fairy tales. |
| 650 #7 - SUBJECT ADDED ENTRY--TOPICAL TERM | |
| Topical term or geographic name entry element | Fairy tales. |
| Source of heading or term | fast |
| Authority record control number or standard number | (OCoLC)fst00919916 |
| 700 1# - ADDED ENTRY--PERSONAL NAME | |
| Personal name | Grimm, Wilhelm, |
| Dates associated with a name | 1786-1859, |
| Relator term | author. |
| 906 ## - LOCAL DATA ELEMENT F, LDF (RLIN) | |
| a | 7 |
| b | cbc |
| c | copycat |
| d | 2 |
| e | ncip |
| f | 20 |
| g | y-gencatlg |
| 942 ## - ADDED ENTRY ELEMENTS (KOHA) | |
| Source of classification or shelving scheme | Dewey Decimal Classification |
| Koha item type | Books |
| Suppress in OPAC | No |
| 999 ## - | |
| -- | 821 |
| -- | 821 |
| Withdrawn status | Lost status | Source of classification or shelving scheme | Damaged status | Not for loan | Collection | Home library | Current library | Shelving location | Date acquired | Total Checkouts | Full call number | Barcode | Date last seen | Price effective from | Koha item type | Date last checked out | Copy number |
|---|---|---|---|---|---|---|---|---|---|---|---|---|---|---|---|---|---|
| Dewey Decimal Classification | Fiction | Footprints International School Library Network Toul Kork Campus | Footprints International School Library Network Toul Kork Campus | A TK Campus, 4th Floor, Room B401, Fiction Bookcases (1-6) | 07/10/2023 | JAC Fic 398.20943 PZ8.G882 | FISTK05384 | 07/10/2023 | 07/10/2023 | Books | |||||||
| Dewey Decimal Classification | Fiction | Footprints International School Library Network Toul Tom Poung Campus | Footprints International School Library Network Toul Tom Poung Campus | TTP Secondary Fiction Bookshelves | 07/02/2025 | 1 | JAC Fic 398.20943 PZ8.G882 | 2025-1727 | 09/30/2025 | 07/02/2025 | Books | 07/15/2025 | 2 |
